Sử dụng hư từ tiếng Hoa thật dễ dàng sách tham khảo
Gardado en:
| Autor Principal: | |
|---|---|
| Formato: | Libro |
| Idioma: | Chinese |
| Publicado: |
T.P. Hồ Chí Minh
Văn hóa - Văn nghệ T.P. Hồ Chí Minh
2014
|
| Những chủ đề: | |
| Các nhãn: |
Engadir etiqueta
Sen Etiquetas, Sexa o primeiro en etiquetar este rexistro!
|
| Thư viện lưu trữ: | Trung tâm Học liệu Lê Vũ Hùng, Trường Đại học Đồng Tháp |
|---|
| LEADER | 00937aam a22003018a 4500 | ||
|---|---|---|---|
| 001 | 00034616 | ||
| 005 | 20171026081025.0 | ||
| 008 | 161010s2014 ||||||chisd | ||
| 020 | # | # | |c 120000 |a 9786046815068 |
| 041 | 0 | # | |a chi-vie |
| 082 | 1 | 4 | |a 495.1 |b S550D |
| 100 | 1 | # | |a Trương, Gia Quyền |
| 245 | 1 | 0 | |a Sử dụng hư từ tiếng Hoa thật dễ dàng |c Trương Gia Quyền |b sách tham khảo |
| 260 | # | # | |a T.P. Hồ Chí Minh |b Văn hóa - Văn nghệ T.P. Hồ Chí Minh |c 2014 |
| 300 | # | # | |a 444 tr. |c 28 cm. |
| 653 | # | # | |a Hán ngữ |
| 653 | # | # | |a Hư từ |
| 653 | # | # | |a Tự học |
| 653 | # | # | |a Tiếng Hoa |
| 653 | # | # | |a Sử dụng |
| 653 | # | # | |a Ngôn ngữ |
| 852 | # | # | |j KD.0017912 |
| 852 | # | # | |b Kho đọc |j KD.0017912 |
| 910 | # | # | |d 10/10/2016 |
| 980 | # | # | |a Trung tâm Học liệu Lê Vũ Hùng, Trường Đại học Đồng Tháp |


